Best of Mal's General Knowledge #2 - Statistics

General Stats
  • This quiz has been taken 19,119 times
    12,334 since last reset
  • The average score is 13 of 20
Answer Stats
Question Answer % Correct
How many centimeters are in a kilometer? 100,000
93%
What is the opposite of concave? Convex
86%
What country has 11 official languages including Zulu, Xhosa, and English? South Africa
86%
What Japanese beverage is made by fermenting rice? Sake
83%
What collective name is given to the islands at the southern tip of Florida? The Florida {Keys}
82%
What is fossilized tree resin called? Amber
79%
What is the capital of Romania? Bucharest
76%
What mountain range stretches 7,000 kilometers from North to South? The Andes
76%
What city did Hitler, Stalin, Trotsky, Tito, Freud, and Jung all live in during 1913? Vienna
73%
What Asian city hosted the Olympic Games in 1988? Seoul
68%
Which one of North America's Great Lakes is furthest east? Lake Ontario
59%
What is the nationality of boxer Manny Pacquiao? Filipino
58%
What type of creature is a cygnet? Young Swan
55%
During which sea battle was Horatio Nelson killed? Battle of Trafalgar
53%
What wading bird was sacred to the ancient Egyptians? Sacred {Ibis}
51%
What substance is formed through ossification? Bone
45%
What city does Sugarloaf Mountain overlook? Rio de Janeiro
45%
What disease is caused by the Yersinia pestis bacteria? Bubonic Plague
36%
Who wrote "Robinson Crusoe"? Daniel Defoe
36%
What Scotsman invented a rubberized, waterproof raincoat in the 1820s? Charles Macintosh
32%
No matching quizzes found
Score Distribution
Percent of People with Each Score
Percentile by Number Answered
Your Score History
You have not taken this quiz since the last reset